Sarah Farmer, La modernité est dans le pré, La campagne française après 1945. Traduction de l’anglais par Gabriel Boniecki. Flammarion, 2023, 336 pages, 24 €. (notice n° 1618275)
[ vue normale ]
| 000 -LEADER | |
|---|---|
| fixed length control field | 00776cam a2200157 4500500 |
| 005 - DATE AND TIME OF LATEST TRANSACTION | |
| control field | 20260111085603.0 |
| 041 ## - LANGUAGE CODE | |
| Language code of text/sound track or separate title | fre |
| 042 ## - AUTHENTICATION CODE | |
| Authentication code | dc |
| 100 10 - MAIN ENTRY--PERSONAL NAME | |
| Personal name | Schumacher, Julio |
| Relator term | author |
| 245 00 - TITLE STATEMENT | |
| Title | Sarah Farmer, La modernité est dans le pré, La campagne française après 1945. Traduction de l’anglais par Gabriel Boniecki. Flammarion, 2023, 336 pages, 24 €. |
| 260 ## - PUBLICATION, DISTRIBUTION, ETC. | |
| Date of publication, distribution, etc. | 2023.<br/> |
| 500 ## - GENERAL NOTE | |
| General note | 26 |
| 520 ## - SUMMARY, ETC. | |
| Summary, etc. | Au Palais de Tokyo, à Paris, le duo autrichien constitué de Jakob Lena Knebl et d’Ashley Hans Scheirl est au cœur d’une exposition résolument placée sous le signe du double. |
| 786 0# - DATA SOURCE ENTRY | |
| Note | Études | Javier | 1 | 2023-12-22 | p. 121k-144k | 0014-1941 |
| 856 41 - ELECTRONIC LOCATION AND ACCESS | |
| Uniform Resource Identifier | <a href="https://shs.cairn.info/revue-etudes-2024-1-page-121k?lang=fr&redirect-ssocas=7080">https://shs.cairn.info/revue-etudes-2024-1-page-121k?lang=fr&redirect-ssocas=7080</a> |
Pas d'exemplaire disponible.




Réseaux sociaux